| 000 | 00466cam a22001337a 4500 | ||
|---|---|---|---|
| 008 | 180718b1982 xxu||||| |||| 00| 0 eng d | ||
| 082 | _aT19x54 Sa13i | ||
| 245 |
_aIndia : degradation and development _cedited by S.A. Shah |
||
| 260 |
_aSecunderabad _bM. Venkatarangaiya Foundation _c1982 |
||
| 300 | _a3 Parts | ||
| 500 | _aPart.1. Contemporary India: perspective and directions. 1982. 192p. Rs.15.00 | ||
| 650 | _aEconomic Development - India | ||
| 700 | _aShah, S.A. | ||
| 999 |
_c354121 _d354121 |
||